| 000 | 01032cam a22002654a 4500 | ||
|---|---|---|---|
| 001 | 12357816 | ||
| 005 | 20250311083439.0 | ||
| 008 | 010326s2001 enk 001 0 eng | ||
| 020 | _a033394903X | ||
| 050 | 0 | 0 |
_aHD58.7 _b.B88 2001 |
| 082 | 0 | 0 |
_a658.4/09 _221 |
| 100 | 1 |
_aButcher, David, _d1947- |
|
| 245 | 1 | 0 |
_aSmart management : _busing politics in organisations / _cDavid Butcher and Martin Clarke. |
| 260 |
_aHoundmills, Basingstoke, Hampshire ; _aNew York : _bPalgrave, _c2001. |
||
| 300 |
_axii, 163 p. ; _c25 cm. |
||
| 500 | _aIncludes index. | ||
| 650 | 0 |
_aOrganizational behavior _xPolitical aspects. |
|
| 650 | 0 | _aOffice politics. | |
| 650 | 0 | _aExecutive ability. | |
| 700 | 1 |
_aClarke, Martin, _d1959- |
|
| 856 | 4 | 2 |
_3Contributor biographical information _uhttp://www.loc.gov/catdir/bios/hol059/2001021730.html |
| 856 | 4 | 2 |
_3Publisher description _uhttp://www.loc.gov/catdir/description/hol051/2001021730.html |
| 856 | 4 | 1 |
_3Table of contents _uhttp://www.loc.gov/catdir/toc/hol051/2001021730.html |
| 942 |
_2lcc _cBK _n0 |
||
| 999 |
_c4675 _d4675 |
||